| 000 | 00612nam a2200205 i 4500 | ||
|---|---|---|---|
| 001 | 46523 | ||
| 003 | ES-MaACL | ||
| 005 | 20251003063059.0 | ||
| 007 | t| | ||
| 008 | 030331s1963 sp ||||1| cat d | ||
| 100 | 1 |
_aCongar, Yves, _d1904-1995 _940170 |
|
| 245 | 1 | 0 |
_aCristians ortodoxos / _cY. María Congar ; [traductor: Margal Trilla i Rostoll]. |
| 250 | _a1ª ed. | ||
| 260 |
_aBarcelona : _bEstela, _c1963. |
||
| 300 |
_a142 p. ; _c18 cm. |
||
| 610 | 2 | 4 |
_aIglesia Ortodoxa _94689 |
| 700 | 1 |
_aTrilla Rostoll, Marcial. _9111424 |
|
| 852 |
_aES-MaACL _jC-25718 _bR.54673 |
||
| 999 |
_c46523 _d46523 |
||